00696 2200253 4500001002100000005001700021008004100038020001900079035002400098082001100122090002300133100002200156245008500178250001000263260002700273300002400300500003000324500001100354650001000365700002300375850001500398985000600413999002300419YOGYA-0209000005849520090227034359.0 ind  a979-98451-48-1 0010-020900000058495 a297.72 a297.72bBur GlDEP aBURHANUDIN, Assep aGhulam AhmadbJihad Tanpa kekerasancAssep Burhanudin; editor, Nur Khalik Ridwan aCet.1 aYogyakartabLKISc2005 axvi, 204 hlmc17 cm aBibliografi: hlm. 181-196 aIndeks aJihad aRidwan, Nur Khalik aYOPDYOG[B] a1 a2005-514 h CB-D.11